000 01130nam a2200313 4500
003 OSt
005 20260601193404.0
008 260505b2005 sp a|||| |||| 00| 0 spa d
020 _a382282870X
040 _aICI
_bspa
_cIC
041 _aspa
_hger
050 _aNK1535.E25
_bK6418
100 1 _aKoenig, Gloria,
_eautor
_935298
245 1 _aCharles & Ray Eames, 1907-1978, 1912-1988 :
_bpioneros de la modernidad a mediados del siglo XX /
_cGloria Koenig ; traducción, Claudia Andreu y Teresa Bladé
246 _aEames
264 _aKöln :
_bTaschen,
_cc2005
300 _a96 páginas :
_bilustraciones
336 _atexto
_2rdacontent
337 _asin medio
_2rdamedia
338 _avolumen
_2rdacarrier
490 _aBasic Architecture Series
600 _aEames, Charles
_xCrítica e interpretación
_935299
600 1 _aEames, Ray
_xCrítica e interpretación
_935300
650 _aDiseño
_xHistoria
_ySiglo XX
_zEstados Unidos
_935301
650 _aDiseño de muebles
_zEstados Unidos
_935302
700 1 _aAndreu, Claudia,
_etraductor
_935303
700 1 _aBladé, Teresa,
_etraductor
_935304
942 _2lcc
_cB
_n1
999 _c21065
_d21065